Alaṅkāra-śāstra prabeśa. (Record no. 63606)

MARC details
000 -LEADER
fixed length control field 00566cam a22002291 4500
001 - CONTROL NUMBER
control field sa 65004196
003 - CONTROL NUMBER IDENTIFIER
control field DLC
005 - DATE AND TIME OF LATEST TRANSACTION
control field 20260227112129.0
008 - FIXED-LENGTH DATA ELEMENTS--GENERAL INFORMATION
fixed length control field 941012s1963 ii 000 0 orio
010 ## - LIBRARY OF CONGRESS CONTROL NUMBER
LC control number sa 65004196
025 ## - OVERSEAS ACQUISITION NUMBER
Overseas acquisition number PL480:I-O-447
035 ## - SYSTEM CONTROL NUMBER
System control number (OCoLC)31273818
040 ## - CATALOGING SOURCE
Original cataloging agency DLC
Transcribing agency CU
Modifying agency CU
-- DLC
042 ## - AUTHENTICATION CODE
Authentication code premarc
050 00 - LIBRARY OF CONGRESS CALL NUMBER
Classification number PK575
Item number .D3
100 1# - MAIN ENTRY--PERSONAL NAME
Personal name Das, Abhinna Chandra.
245 10 - TITLE STATEMENT
Title Alaṅkāra-śāstra prabeśa.
260 ## - PUBLICATION, DISTRIBUTION, ETC.
Date of publication, distribution, etc. [1963]
300 ## - PHYSICAL DESCRIPTION
Extent 3, 184 p.
Dimensions 18 cm.
500 ## - GENERAL NOTE
General note In Oriya.
650 #0 - SUBJECT ADDED ENTRY--TOPICAL TERM
Topical term or geographic name entry element Sanskrit language
General subdivision Rhetoric.

No items available.

Powered by Koha